000 00502cam a22002171 4500
001 sa 64002007
003 DLC
005 20260227112007.0
008 890714s1963 ii 000 1 beno
010 _asa 64002007
035 _a(OCoLC)20011696
040 _aDLC
_cWaU
_dDLC
042 _apremarc
050 0 0 _aPK1718.M5
_bD4
100 1 _aMitra, Premendra.
245 1 0 _aDhūlidhūsara.
260 _c[1963]
300 _a119 p.
_c23 cm.
500 _aIn Bengali.
500 _aShort stories.
999 _c57100
_d57100